[Václav Vraný s vnúčaťom]

Zobrazenie: Václav Vraný s vnúčaťom, 13. september 1923.

Bibliographic Details
Format: Photo
Language:Slovak
PhysicalDescription:1 fotografia čb 14 x 9 cm
Published: [S.l. s.n.] 1923
Subjects:

MARC

LEADER 00000nkmaa2200000 a 4500
001 vtls012024750
003 SK-MaSNL
005 20260301205834.0
007 kh bo
008 230802e1923 xx | ||00 k|slo
035 |a urn:nbn:sk:snk-km00g30v 
035 |a urn:nbn:sk:snk-km45s94 
035 |a B94EA88B-8553-41CA-B701-1039BBF31021 
040 |a SNKLA  |b slo  |c SNKLA  |e AACR2 
041 0 |a slo 
245 0 0 |a [Václav Vraný s vnúčaťom]  |h grafika 
260 |a [S.l.  |b s.n.]  |c 1923 
300 |a 1 fotografia  |b čb  |c 14 x 9 cm 
520 2 |a Zobrazenie: Václav Vraný s vnúčaťom, 13. september 1923. 
600 1 7 |a Vraný, Václav,  |d 1851-1929  |2 SNKMA  |9 96477 
655 7 |a fotografie  |2 SNKPH  |9 70713 
852 7 |a Slovenská národná knižnica  |b Literárny archív 
958 |a ZO 
958 |a BLA 
999 |c 911608  |d 913538 
952 |a SNKLA  |b SNKLA  |c SNKLA_DEP  |y NEVYP  |7 0  |p 17A1311777  |o snkSV 39/6  |i snkLA 4641/1969  |0 0  |1 0  |4 0  |d 2021-04-26  |f 1  |l 0  |r 2026-02-24 07:46:15  |w 2026-02-24